| Tag |
First Indicator |
Second Indicator |
Subfields |
| LEADER |
00000cam a2200000 i 4500 |
| 001 |
in00000042940 |
| 005 |
20151007064935.0 |
| 008 |
800526s1972 maua 00010 eng d |
| 035 |
|
|
|a (OCoLC)06359335
|
| 035 |
|
|
|9 AAE0932AM
|
| 040 |
|
|
|a TXA
|c TXA
|d UtOrBLW
|
| 049 |
|
|
|a [Curr Col] TXAM
|c [931085]
|
| 090 |
|
|
|a QA39.2
|b .S69 1972 Guide
|
| 100 |
1 |
|
|a Stein, Edwin I.
|
| 245 |
1 |
0 |
|a Teachers' guide for Fundamentals of mathematics /
|c Edwin I. Stein.
|
| 264 |
|
1 |
|a Boston :
|b Allyn and Bacon,
|c 1972.
|
| 300 |
|
|
|a 156 pages :
|b illustrations ;
|c 24 cm.
|
| 336 |
|
|
|a text
|b txt
|2 rdacontent
|
| 337 |
|
|
|a unmediated
|b n
|2 rdamedia
|
| 338 |
|
|
|a volume
|b nc
|2 rdacarrier
|
| 500 |
|
|
|a Gr. 7-12.
|
| 650 |
|
0 |
|a Mathematics.
|
| 740 |
0 |
|
|a Fundamentals of mathematics : teachers' guide.
|
| 999 |
|
|
|a MARS
|
| 999 |
f |
f |
|s 206adbe7-4270-36da-917f-69fa4773e52b
|i 6d429e5b-8840-3e6b-8d1c-0f352e3ab5c1
|t 0
|
| 952 |
f |
f |
|p ric
|a Texas A&M University
|b Rellis Campus
|c Joint Library Facility
|d Remote Storage
|t 0
|e QA39.2 .S69 1972
|h Library of Congress classification
|i unmediated -- volume
|k Teachers Guide
|m A14800248304
|
| 998 |
f |
f |
|a QA39.2 .S69 1972
|s Teachers Guide
|t 0
|l Remote Storage
|